Pokémon - Les attaques de Amagara - Statistiques

Statistiques générales
  • Ce quiz a été pris 20 fois
  • Le résultat moyen est 11 sur 16
Statistiques - réponses
Niveaux Types Noms des attaques % Correct
Niveau 40 Glace Laser Glace
100%
Niveau 52 Glace Blizzard
89%
Niveau 48 Glace Grêle
89%
Niveau 24 Glace Onde Boréale
89%
Départ Glace Poudreuse
89%
Niveau 8 Roche Pouvoir Antique
89%
Départ Normal Rugissement
89%
Niveau 12 Glace Vent Glace
89%
Niveau 28 Électrique Cage Éclair
78%
Niveau 36 Glace Lyophilisation
78%
Niveau 56 Normal Ultralaser
78%
Niveau 20 Glace Brume
56%
Niveau 16 Normal Chant Canon
44%
Niveau 44 Psy Mur Lumière
44%
Niveau 4 Normal Encore
22%
Niveau 32 Normal Force Nature
0%
Aucun quiz correspondant
Distribution des résultats
% des personnes avec chaque résultat
Percentile par nombre de réponses
Votre historique - résultats
Vous n’avez pas pris ce quiz